00267nam a2200109Ia 4500008004100000082001600041100001900057245004200076250000900118260002200127300000800149150731s2012 xx 000 0 und d a611bC 12 M aMEMINN, R.M.H. aTHE CONCISE HANDBOOK OF HUMAN ANATOMY a4 TH bMANSON PUB.c2012 a192